Normal view
MARC view
Entry Personal Name
001 - CONTROL NUMBER
- control field: 46071
003 - CONTROL NUMBER IDENTIFIER
- control field: ARRUPE
005 - DATE AND TIME OF LATEST TRANSACTION
- control field: 20190430091308.0
008 - FIXED-LENGTH DATA ELEMENTS
- fixed length control field: 190430|| aca||aabn | a|a d
040 ## - CATALOGING SOURCE
- Original cataloging agency: ARRUPE
- Transcribing agency: ARRUPE
100 ## - HEADING--PERSONAL NAME
- Personal name: Wright, Jonh H.
670 ## - SOURCE DATA FOUND
- Source citation: Work cat.: (ARRUPE): Wright, Jonh H., A Theology of christian prayer , c1979.